Essentials of Leadership (Record no. 8561)

MARC details
000 -LEADER
fixed length control field 00318nam a2200133Ia 4500
008 - FIXED-LENGTH DATA ELEMENTS--GENERAL INFORMATION
fixed length control field 260604s9999 xx 000 0 und d
020 ## - INTERNATIONAL STANDARD BOOK NUMBER
International Standard Book Number 9781641725230
082 ## - DEWEY DECIMAL CLASSIFICATION NUMBER
Classification number 658.409 KIN
100 ## - MAIN ENTRY--PERSONAL NAME
Personal name Ben kinkaid
9 (RLIN) 35735
245 #0 - TITLE STATEMENT
Title Essentials of Leadership
260 ## - PUBLICATION, DISTRIBUTION, ETC.
Name of publisher, distributor, etc. Larsen & Keller
500 ## - GENERAL NOTE
General note Leadership
942 ## - ADDED ENTRY ELEMENTS (KOHA)
Koha item type Book
Holdings
Date last seen Total Checkouts Full call number Barcode Cost, replacement price Price effective from Koha item type Lost status Damaged status Not for loan Withdrawn status Home library Current library Shelving location Date acquired Cost, normal purchase price BOOK NO
06/04/2026   658.409 KIN 004179 8860.50 06/04/2026 Book         Indian Institute of Management Visakhapatnam Indian Institute of Management Visakhapatnam   06/04/2026 8860.50 KIN

Copyright © 2024 Indian Institute of Management Visakhapatnam
Koha v23.05